Beyond trauma : (Record no. 129554)
[ view plain ]
| 000 -LEADER | |
|---|---|
| fixed length control field | 01607cam a2200361 a 4500 |
| 001 - CONTROL NUMBER | |
| control field | 672998 |
| 003 - CONTROL NUMBER IDENTIFIER | |
| control field | ARRUPE |
| 005 - DATE AND TIME OF LATEST TRANSACTION | |
| control field | 20190503101513.0 |
| 008 - FIXED-LENGTH DATA ELEMENTS--GENERAL INFORMATION | |
| fixed length control field | 950907s1995 nyua b 001 0 eng |
| 010 ## - LIBRARY OF CONGRESS CONTROL NUMBER | |
| LC control number | 95040998 |
| 020 ## - INTERNATIONAL STANDARD BOOK NUMBER | |
| International Standard Book Number | 0306450585 |
| 040 ## - CATALOGING SOURCE | |
| Original cataloging agency | DLC |
| Transcribing agency | DLC |
| Modifying agency | DLC |
| 050 00 - LIBRARY OF CONGRESS CALL NUMBER | |
| Classification number | RC552.P67 |
| Item number | B49 1995 |
| 082 00 - DEWEY DECIMAL CLASSIFICATION NUMBER | |
| Classification number | 616.85/21 |
| Edition number | 20 |
| 300 ## - PHYSICAL DESCRIPTION | |
| Other physical details | ill. ; |
| Dimensions | 24 cm. |
| 245 00 - TITLE STATEMENT | |
| Title | Beyond trauma : |
| Remainder of title | cultural and societal dynamics / |
| Statement of responsibility, etc | edited by Rolf J. Kleber, Charles R. Figley, and Berthold P.R. Gersons. |
| 260 ## - PUBLICATION, DISTRIBUTION, ETC. (IMPRINT) | |
| Place of publication, distribution, etc | New York : |
| Name of publisher, distributor, etc | Plenum Press, |
| Date of publication, distribution, etc | c1995. |
| 300 ## - PHYSICAL DESCRIPTION | |
| Extent | xviii, 313 p. : |
| 440 #4 - SERIES STATEMENT/ADDED ENTRY--TITLE | |
| Title | The Plenum series on stress and coping |
| 9 (RLIN) | 46228 |
| 440 #4 - SERIES STATEMENT/ADDED ENTRY--TITLE | |
| Title | The language of science |
| 9 (RLIN) | 46229 |
| 500 ## - GENERAL NOTE | |
| General note | "Published in cooperation with the international Society for Traumatic Stress Studies." |
| 504 ## - BIBLIOGRAPHY, ETC. NOTE | |
| Bibliography, etc | Includes bibliographical references and index. |
| 650 #0 - SUBJECT ADDED ENTRY--TOPICAL TERM | |
| Topical term or geographic name as entry element | Post-traumatic stress disorder |
| General subdivision | Social aspects. |
| 9 (RLIN) | 46230 |
| 650 #0 - SUBJECT ADDED ENTRY--TOPICAL TERM | |
| Topical term or geographic name as entry element | Psychic trauma |
| General subdivision | Social aspects. |
| 9 (RLIN) | 46231 |
| 700 1# - ADDED ENTRY--PERSONAL NAME | |
| Personal name | Kleber, R. J. |
| Fuller form of name | (Rolf Jan) |
| 9 (RLIN) | 46232 |
| 700 1# - ADDED ENTRY--PERSONAL NAME | |
| Personal name | Figley, Charles R., |
| Dates associated with a name | 1944- |
| 9 (RLIN) | 46233 |
| 700 1# - ADDED ENTRY--PERSONAL NAME | |
| Personal name | Gersons, Berthold P. R., |
| Dates associated with a name | 1945- |
| 9 (RLIN) | 46234 |
| 710 2# - ADDED ENTRY--CORPORATE NAME | |
| Corporate name or jurisdiction name as entry element | Society for Traumatic Stress Studies. |
| 9 (RLIN) | 46235 |
| 856 42 - ELECTRONIC LOCATION AND ACCESS | |
| Materials specified | Publisher description |
| Uniform Resource Identifier | <a href="http://www.loc.gov/catdir/enhancements/fy0818/95040998-d.html">http://www.loc.gov/catdir/enhancements/fy0818/95040998-d.html</a> |
| 856 41 - ELECTRONIC LOCATION AND ACCESS | |
| Materials specified | Table of contents only |
| Uniform Resource Identifier | <a href="http://www.loc.gov/catdir/enhancements/fy0818/95040998-t.html">http://www.loc.gov/catdir/enhancements/fy0818/95040998-t.html</a> |
| 906 ## - LOCAL DATA ELEMENT F, LDF (RLIN) | |
| a | 7 |
| b | cbc |
| c | orignew |
| d | 1 |
| e | ocip |
| f | 19 |
| g | y-gencatlg |
| 942 ## - ADDED ENTRY ELEMENTS (KOHA) | |
| Source of classification or shelving scheme | Library of Congress Classification |
| Koha item type | Monograph ( Printed materials) |
| Withdrawn status | Lost status | Source of classification or shelving scheme | Damaged status | Not for loan | Collection code | Home library | Current library | Shelving location | Date acquired | Total Checkouts | Full call number | Barcode | Date last seen | Price effective from | Koha item type |
|---|---|---|---|---|---|---|---|---|---|---|---|---|---|---|---|
| Library of Congress Classification | Main Collection | ARRUPE LIBRARY | ARRUPE LIBRARY | Main Collection | 03/05/2019 | RC552.P67 B49 1995 | 46600004659 | 03/05/2019 | 03/05/2019 | Monograph ( Printed materials) |